zpět

Detail výsledku týmu

Na Východě, Uherské Hradiště

Datum a čas kvízu

18.5 Celkem bodů Celkový počet nahraných bodů na tomto kvízu bez doplňovacích otázek.
3. Pořadí na kvízu Konečné umístění týmu na tomto kvízu.

Zaznamenané odpovědi

# Otázka Odpověď Body Výsledky
1. Vláda schválila nový významný... 30. březen 0
2. Na Slovensku byl schválen záko... B 0
3. „Mí rodiče celý můj život kont... Beckhamových 1
4. V pondělí opustila přísně stře... Předmostecká/Předmostí 0
5. Rvačky nejsou v NHL ničím neob... Florida Panthers, San Jose Sharks 0
6. Jak se jmenuje italský horolez... Reinhold Messner 1
7. Jak se trojslovně jmenuje disc... lezení na obtížnost 0
8. Jak se jmenuje horolezecké vyb... sedák (sedací/bederní úvaz) 0
9. Za půl bodu napište jméno ikon... Matterhorn, Švýcarsko a Itálie 0
10. Jak se jmenuje fenomenální slo... B) Janja Garnbret 0